000
00323 a2200133 4500
005
20250628145552.0
020
_a
13-092763-5
082
_a
005.3 FOX
100
_a
FOX, M
245
_a
Essential Excel 2002 Level 2
260
_a
New York,
_b
Prentice Hall,
_c
2002
300
_a
xi, 189p.; ill.; figure
_c
27cm
942
_2
ddc
_c
BKS
999
_c
6073
_d
6073